[Event "TCh-TUR 2nd League 2011"]
[Site "Konya TUR"]
[Date "2011.07.10"]
[Round "9"]
[White "Ozkan, Ervin"]
[Black "Tuncer, Ufuk"]
[Result "1/2-1/2"]
[BlackTitle "FM"]
[WhiteElo "2219"]
[BlackElo "2303"]
[WhiteTeam "Ceyhan Belediye Adana"]
[BlackTeam "Beyaz Kale Hatay"]
[WhiteFideId "6306004"]
[BlackFideId "6300847"]
[EventDate "2011.07.04"]

1. d4 Nf6 2. Nf3 g6 3. Bf4 Bg7 4. e3 O-O 5. Be2 c5 6. c3 Qb6 7. Qb3 Nc6 8. Nbd2
d6 9. h3 Be6 10. Qxb6 axb6 11. a3 Rfc8 12. O-O Na5 13. Rac1 c4 14. e4 Bd7 15.
Rfe1 Ba4 16. Bd1 Bxd1 17. Rcxd1 b5 18. Bh2 Nd7 19. e5 dxe5 20. Nxe5 Bxe5 21.
Bxe5 Nb6 22. Re2 Nd5 23. Rde1 Nc6 24. Bg3 Rd8 25. Nf1 Rd7 26. Ne3 Re8 27. Ng4 h5
28. Ne3 Kg7 29. Nf1 Rc8 30. Nd2 Nd8 31. Ne4 Ne6 32. f3 Rc6 33. Nf2 Kf8 34. Re5
Ng7 35. Bh2 f6 36. R5e2 Kf7 37. Re4 Nf5 38. Nd1 Ng7 39. g4 hxg4 40. hxg4 g5 41.
Ne3 Nxe3 42. R1xe3 Ne6 43. Kf2 Nf8 44. Re1 Ng6 45. Bg3 Rd8 46. Rh1 Rh8 47. Rxh8
Nxh8 48. d5 Rc5 49. Rd4 Ke8 50. Ke3 Kd7 51. Rd1 Nf7 52. Kd4 Rc8 53. Rh1 b6 54.
Rh2 Rc5 55. Re2 Nd8 56. Rh2 Nf7 57. Re2 Nd8 58. Rh2 Nf7 59. Re2 Nd8 60. Rh2 Nb7
61. Rh8 Na5 62. Rh1 Nb3+ 63. Ke4 Nd2+ 64. Ke3 Nb3 65. Ke4 Rc8 66. Ke3 Nc5 67.
Rh7 Nb7 68. Kd4 Nd6 69. Rh1 Nf7 70. Rh7 Nd6 71. Rh1 Nb7 72. Rh7 Ra8 73. Rh1 Rc8
74. Rh7 Re8 75. a4 Rc8 76. axb5 Rc5 77. Rh2 Na5 78. Rh7 Rxb5 79. d6 Nc6+ 80.
Kxc4 Rxb2 81. dxe7 Nxe7 82. Kd3 Rb5 83. f4 gxf4 84. Bxf4 Ke6 85. Bd2 Nc6 86. Kc2
Ne5 87. g5 fxg5 88. Bxg5 Kf5 89. Bd2 Rc5 90. Be3 Rc6 91. Bd4 Nc4 92. Re7 Kf4 93.
Kb3 Nd2+ 94. Kb4 Nf3 95. Kb5 Nxd4+ 96. cxd4 1/2-1/2

[Event "TCh-TUR 2nd League 2011"]
[Site "Konya TUR"]
[Date "2011.07.10"]
[Round "9"]
[White "Kayabolen, Alisan"]
[Black "Ertan, Can"]
[Result "0-1"]
[WhiteElo "1920"]
[BlackElo "2201"]
[WhiteTeam "Beyaz Kale Hatay"]
[BlackTeam "Ceyhan Belediye Adana"]
[WhiteFideId "6315216"]
[BlackFideId "6306330"]
[EventDate "2011.07.04"]

1. e4 Nc6 2. Nf3 e5 3. d4 exd4 4. Bc4 Nf6 5. e5 d5 6. Bb5 Ne4 7. Nxd4 Bd7 8.
Bxc6 bxc6 9. O-O Bc5 10. f3 Ng5 11. f4 Ne4 12. Be3 O-O 13. Nd2 Nxd2 14. Qxd2 f6
15. Nb3 Bb6 16. exf6 Qxf6 17. Bd4 Bf5 18. Nc5 Qg6 19. Rf3 Rf7 20. c3 Be4 21. Rg3
Qd6 22. Nxe4 dxe4 23. Rf1 Raf8 24. Qe3 c5 25. Bxg7 Rxg7 26. Rxg7+ Kxg7 27. Qxe4
c4+ 28. Kh1 Qc5 29. f5 c6 30. Qg4+ Kh8 31. f6 Rxf6 32. Qc8+ Kg7 33. Qd7+ Kg8 34.
Qc8+ Qf8 35. Qg4+ Kh8 36. Rxf6 Qxf6 37. Qc8+ Qd8 38. Qxd8+ Bxd8 39. Kg1 Kg7 40.
Kf2 Kf6 41. Kf3 Kf5 42. h3 Bg5 43. g3 Bc1 44. b3 cxb3 45. axb3 Bd2 46. c4 Ke5
47. Ke2 Bc1 48. Kd3 a5 49. Kc3 Ba3 50. Kd3 Bc5 51. Ke2 Ke4 52. h4 h5 0-1

[Event "TCh-TUR 2nd League 2011"]
[Site "Konya TUR"]
[Date "2011.07.10"]
[Round "9"]
[White "Batsiashvili, Nino"]
[Black "Topel, Zehra"]
[Result "1-0"]
[WhiteTitle "WGM"]
[BlackTitle "WIM"]
[WhiteElo "2381"]
[BlackElo "2231"]
[WhiteTeam "Ceyhan Belediye Adana"]
[BlackTeam "Beyaz Kale Hatay"]
[WhiteFideId "13602993"]
[BlackFideId "6302661"]
[EventDate "2011.07.04"]

1. d4 Nf6 2. c4 g6 3. Nc3 Bg7 4. e4 d6 5. Nf3 O-O 6. Be2 e5 7. O-O Nc6 8. d5 Ne7
9. Ne1 c6 10. Be3 Ne8 11. f3 f5 12. b4 f4 13. Bf2 g5 14. c5 Rf6 15. b5 Kh8 16.
dxc6 bxc6 17. Nd3 Rh6 18. Nb4 Bd7 19. a4 Qc8 20. Re1 Rg6 21. Rc1 h5 22. bxc6
Nxc6 23. Nxc6 Bxc6 24. h3 dxc5 25. Bxc5 g4 26. fxg4 Nf6 27. Nd5 Bxd5 28. exd5
hxg4 29. Bxg4 Nxg4 30. hxg4 Qd7 31. d6 Rxg4 32. Rc3 Rh4 33. Qd5 Rd8 34. Rxe5 Qg4
35. Rf3 Rb8 36. Bf2 Rh6 37. d7 Qxd7 38. Qxd7 Bxe5 39. Rh3 Rb1+ 40. Kh2 f3+ 41.
Bg3 1-0

[Event "TCh-TUR 2nd League 2011"]
[Site "Konya TUR"]
[Date "2011.07.10"]
[Round "9"]
[White "Buyukasik, Diyap"]
[Black "Tasdelen, Deniz Murat"]
[Result "1/2-1/2"]
[WhiteElo "1994"]
[BlackElo "2069"]
[WhiteTeam "Beyaz Kale Hatay"]
[BlackTeam "Ceyhan Belediye Adana"]
[WhiteFideId "6319602"]
[BlackFideId "6305946"]
[EventDate "2011.07.04"]

1. d4 Nf6 2. Nf3 e6 3. g3 b6 4. Bg2 Bb7 5. O-O Be7 6. c4 O-O 7. Nc3 d5 8. Ne5
Nbd7 9. Qa4 Nxe5 10. dxe5 Nd7 11. cxd5 exd5 12. Nxd5 Nc5 13. Qd1 c6 14. Nxe7+
Qxe7 15. Qd6 Qe8 16. Bg5 Qc8 17. b4 Ne6 18. Be7 Re8 19. Bh3 c5 20. Bxe6 Qxe6 21.
Qxe6 fxe6 22. Bd6 cxb4 23. Bxb4 Rac8 24. Rac1 Rxc1 25. Rxc1 Rc8 26. Rxc8+ Bxc8
27. f4 Ba6 28. Kf2 Bc4 29. a3 a5 30. Bd6 a4 31. Kf3 g6 32. g4 Kf7 33. e3 Bb3 34.
Ke4 1/2-1/2

[Event "TCh-TUR 2nd League 2011"]
[Site "Konya TUR"]
[Date "2011.07.10"]
[Round "9"]
[White "Serin, Sarper"]
[Black "Oner, Oguz"]
[Result "1-0"]
[WhiteElo "1745"]
[BlackElo "1741"]
[WhiteTeam "Ceyhan Belediye Adana"]
[BlackTeam "Beyaz Kale Hatay"]
[WhiteFideId "6311709"]
[BlackFideId "6329330"]
[EventDate "2011.07.04"]

1. g3 d5 2. Bg2 e5 3. d3 Be6 4. Nc3 Nf6 5. Bg5 Be7 6. e4 c6 7. exd5 Nxd5 8. Bd2
O-O 9. Nge2 Bg5 10. O-O Nd7 11. Ne4 Be7 12. Kh1 f5 13. N4c3 g5 14. f4 exf4 15.
gxf4 g4 16. Nd4 Nc7 17. Qe1 Rf6 18. Nce2 h5 19. Ba5 Nb6 20. c4 Qf8 21. Bc3 Rg6
22. a4 h4 23. Kg1 Qh6 24. a5 Nd7 25. b4 Kf7 26. Ra2 Rag8 27. a6 Nxa6 28. Nxc6
bxc6 29. Rxa6 h3 30. Bh1 g3 31. hxg3 h2+ 32. Kf2 Bh4 33. gxh4 Qxh4+ 34. Ke3 Qxe1
35. Rxe1 Rg1 36. Raa1 Re8 37. Nxg1 Bd5+ 38. Kf2 Bxh1 39. Nf3 Rxe1 40. Rxe1 Bxf3
41. Kxf3 Nf6 42. Bxf6 1-0

[Event "TCh-TUR 2nd League 2011"]
[Site "Konya TUR"]
[Date "2011.07.10"]
[Round "9"]
[White "Tregubov, Pavel V."]
[Black "Zhigalko, Sergei"]
[Result "1-0"]
[WhiteTitle "GM"]
[BlackTitle "GM"]
[WhiteElo "2602"]
[BlackElo "2689"]
[WhiteTeam "Erbakir Denizli"]
[BlackTeam "Kahramanmaras Belediye"]
[WhiteFideId "4115341"]
[BlackFideId "13502956"]
[EventDate "2011.07.04"]

1. d4 Nf6 2. c4 e6 3. Nf3 b6 4. g3 Ba6 5. Qb3 Nc6 6. Nbd2 Na5 7. Qc3 c5 8. dxc5
bxc5 9. e4 Bb7 10. e5 Ne4 11. Nxe4 Bxe4 12. Bg2 Rb8 13. O-O Nc6 14. Re1 Bxf3 15.
Qxf3 Nd4 16. Qd3 Be7 17. b3 O-O 18. Be3 Qc7 19. Rad1 Rfd8 20. Bxd4 cxd4 21. Qxd4
Bc5 22. Qe4 Qb6 23. Qe2 d6 24. exd6 Bxd6 25. Be4 Bc5 26. Kg2 g6 27. h4 Rxd1 28.
Rxd1 Rd8 29. Rxd8+ Qxd8 30. h5 Qd4 31. h6 Kf8 32. Qf3 Ke7 33. b4 Bd6 34. c5 Be5
35. a3 Qd2 36. Bd3 Bd4 37. Be2 a5 38. Qb7+ Kf6 39. Qb8 axb4 40. axb4 Kg5 41. c6
Kxh6 42. Qf8+ Bg7 43. Qc5 Bd4 44. Qf8+ Bg7 45. Qe7 Be5 46. c7 Bxc7 47. Qxc7 Qxe2
48. Qc6 e5 49. b5 e4 50. Qc1+ g5 51. b6 Qb5 52. Qc7 e3 53. Qd6+ Kh5 54. Kf3 f5
55. Kxe3 Qb3+ 56. Kd4 Qb2+ 57. Kc4 h6 58. Qd1+ g4 59. Qd5 Qa2+ 60. Kc5 Qxf2+ 61.
Kc6 Qc2+ 62. Kd6 Qb1 63. b7 Qb6+ 64. Kd7 Qb1 65. b8=Q 1-0

[Event "TCh-TUR 2nd League 2011"]
[Site "Konya TUR"]
[Date "2011.07.10"]
[Round "9"]
[White "Isik, Engin Yasar"]
[Black "Karatekin, Tamer"]
[Result "1-0"]
[BlackTitle "FM"]
[WhiteElo "2215"]
[BlackElo "2263"]
[WhiteTeam "Kahramanmaras Belediye"]
[BlackTeam "Erbakir Denizli"]
[WhiteFideId "6301886"]
[BlackFideId "6301134"]
[EventDate "2011.07.04"]

1. e4 e6 2. d4 d5 3. Nc3 Nf6 4. e5 Nfd7 5. f4 c5 6. Nf3 Nc6 7. Be3 a6 8. Qd2 b5
9. a3 Qb6 10. dxc5 Bxc5 11. Bxc5 Nxc5 12. b4 Nd7 13. a4 Nxb4 14. axb5 Qc7 15.
Nd4 O-O 16. Nd1 1-0

[Event "TCh-TUR 2nd League 2011"]
[Site "Konya TUR"]
[Date "2011.07.10"]
[Round "9"]
[White "Miyak, Burak"]
[Black "Ozturk, Emir"]
[Result "0-1"]
[WhiteElo "2151"]
[BlackElo "2190"]
[WhiteTeam "Erbakir Denizli"]
[BlackTeam "Kahramanmaras Belediye"]
[WhiteFideId "6300618"]
[BlackFideId "6302408"]
[EventDate "2011.07.04"]

1. e4 c5 2. Nf3 Nc6 3. d4 cxd4 4. Nxd4 g6 5. Nxc6 bxc6 6. Nc3 Bg7 7. Bc4 d6 8.
O-O Qc7 9. Qf3 Nf6 10. Bf4 O-O 11. h3 Nd7 12. Qe3 Qb6 13. Bb3 Re8 14. Qf3 Rf8
15. Rad1 Ne5 16. Qg3 Ba6 17. Rfe1 Nc4 18. Bxc4 Bxc4 19. b3 Qa5 20. e5 Be6 21.
Na4 d5 22. Qe3 Bf5 23. c3 Rfd8 24. Nc5 Qb6 25. b4 a5 26. a3 Ra7 27. Rd4 axb4 28.
axb4 e6 29. Bh6 Bh8 30. Rh4 Rda8 31. Kh2 Qd8 32. g3 Qc8 33. Bg5 Ra2 34. Bf6 Bxf6
35. exf6 Kh8 36. Kg2 Rc2 37. Qh6 Qg8 38. Re3 Raa2 39. Rf4 Re2 40. Rxe2 Rxe2 41.
g4 Bb1 42. Rf3 Ra2 43. Kg3 Ra8 44. Qc1 Qb8+ 45. Kh4 Be4 46. Qh6 Qg8 47. Nxe4
dxe4 48. Re3 g5+ 49. Qxg5 Qxg5+ 50. Kxg5 Ra2 51. Rxe4 Rxf2 52. Rf4 h6+ 53. Kxh6
Rxf4 0-1

[Event "TCh-TUR 2nd League 2011"]
[Site "Konya TUR"]
[Date "2011.07.10"]
[Round "9"]
[White "Yalim, Suleyman"]
[Black "Polatel, Ali"]
[Result "0-1"]
[WhiteElo "2129"]
[BlackElo "2131"]
[WhiteTeam "Kahramanmaras Belediye"]
[BlackTeam "Erbakir Denizli"]
[WhiteFideId "6301665"]
[BlackFideId "6303196"]
[EventDate "2011.07.04"]

1. e4 c5 2. Nf3 Nc6 3. d4 cxd4 4. Nxd4 Nf6 5. Nc3 d6 6. Be2 e5 7. Nf3 h6 8. O-O
Be7 9. Re1 O-O 10. h3 Be6 11. Bf1 Rc8 12. Nd5 Bxd5 13. exd5 Nb4 14. c4 a5 15. a3
Na6 16. Rb1 Nd7 17. Bd2 Re8 18. Qa4 Nb6 19. Qb5 Rc5 20. Qb3 a4 21. Qa2 Nd7 22.
b4 axb3 23. Qxb3 b6 24. Qa4 Qc8 25. Rb5 Rc7 26. Reb1 Nac5 27. Qc2 Ra7 28. Bb4
Bf6 29. Nd2 e4 30. Bxc5 Nxc5 31. Rxb6 Be5 32. Nxe4 Nxe4 33. Rb8 Qxb8 34. Rxb8
Rxb8 35. Qxe4 Rxa3 36. f4 Bf6 37. Be2 Bh4 38. Bd3 g6 39. f5 Bg3 40. Qf3 Ra1+ 41.
Bf1 Rbb1 42. fxg6 Rxf1+ 43. Qxf1 Rxf1+ 44. Kxf1 fxg6 45. Ke2 Kf7 46. Kf3 Be1 47.
Ke4 Bb4 48. Kf4 Kf6 49. h4 Be1 0-1

[Event "TCh-TUR 2nd League 2011"]
[Site "Konya TUR"]
[Date "2011.07.10"]
[Round "9"]
[White "Gurcan, Aytolun"]
[Black "Dai, Irmak"]
[Result "0-1"]
[WhiteElo "1673"]
[BlackElo "1511"]
[WhiteTeam "Erbakir Denizli"]
[BlackTeam "Kahramanmaras Belediye"]
[WhiteFideId "6325688"]
[BlackFideId "6336426"]
[EventDate "2011.07.04"]

1. e4 c5 2. Nf3 d6 3. d4 cxd4 4. Nxd4 Nf6 5. Nc3 g6 6. Be3 Bg7 7. f3 O-O 8. Qd2
Nc6 9. O-O-O Bd7 10. g4 Re8 11. h4 Rc8 12. h5 Ne5 13. Qh2 Rxc3 14. bxc3 Qa5 15.
hxg6 fxg6 16. Nb3 Qxa2 17. g5 Nh5 18. Rd5 b6 19. f4 Ng4 20. Qd2 Ng3 21. Bc4 Kh8
22. Rg1 Nxe4 23. Qd3 Qa3+ 24. Kd1 Nef2+ 25. Bxf2 Nxf2+ 26. Kd2 Nxd3 27. Rxd3 Qa4
28. Bd5 Qxf4+ 29. Kd1 Bg4+ 30. Ke1 Qd4 0-1

[Event "TCh-TUR 2nd League 2011"]
[Site "Konya TUR"]
[Date "2011.07.10"]
[Round "9"]
[White "Benidze, Davit"]
[Black "Savran, Suleyman"]
[Result "1-0"]
[WhiteTitle "IM"]
[WhiteElo "2514"]
[BlackElo "1874"]
[WhiteTeam "Kahramanmaras Belediye"]
[BlackTeam "Erbakir Denizli"]
[WhiteFideId "13603086"]
[BlackFideId "6313132"]
[EventDate "2011.07.04"]

1. d4 Nf6 2. Nf3 g6 3. g3 Bg7 4. Bg2 d5 5. O-O O-O 6. c4 e6 7. b3 c6 8. Qc2 Nbd7
9. Nbd2 b6 10. e4 dxe4 11. Nxe4 Nxe4 12. Qxe4 Bb7 13. Bf4 Nf6 14. Qc2 Qe7 15. c5
Rfd8 16. Rfd1 Rac8 17. Rac1 Nd5 18. Bg5 Bf6 19. Bxf6 Qxf6 20. a3 Nc7 21. Ne5 Nd5
22. Nc4 Qe7 23. b4 Ba6 24. Nd6 Rxd6 25. cxd6 Qxd6 26. Qa4 Bb5 27. Qxa7 Qd8 28.
Bxd5 exd5 29. Re1 Kf8 30. a4 Ra8 31. Qxa8 Qxa8 32. axb5 cxb5 33. Rc7 Qd8 34. Rc6
Kg7 35. Kg2 h5 36. h4 Kg8 37. Re3 Qd7 38. Rxb6 Qa7 39. Rxb5 Qxd4 40. Rb8+ Kg7
41. Rb7 Kg8 42. Re8+ Kg7 43. Ree7 Qf6 44. Rxf7+ Qxf7 45. Rxf7+ Kxf7 46. Kf3 1-0

[Event "TCh-TUR 2nd League 2011"]
[Site "Konya TUR"]
[Date "2011.07.10"]
[Round "9"]
[White "Ziaziulkina, Nastassia"]
[Black "Ozdover, Mustafa Berkay"]
[Result "1-0"]
[WhiteTitle "WIM"]
[WhiteElo "2291"]
[BlackElo "1842"]
[WhiteTeam "Erbakir Denizli"]
[BlackTeam "Kahramanmaras Belediye"]
[WhiteFideId "13505211"]
[BlackFideId "6311482"]
[EventDate "2011.07.04"]

1. e4 e6 2. d4 d5 3. e5 c5 4. c3 Nc6 5. Nf3 Qb6 6. Be2 cxd4 7. cxd4 Nge7 8. Na3
Nf5 9. Nc2 h5 10. O-O Bd7 11. Rb1 a5 12. h3 Be7 13. b3 Rc8 14. g4 hxg4 15. hxg4
Nh4 16. Nxh4 Rxh4 17. Kg2 Qd8 18. Bf4 g5 19. Bg3 Rh8 20. Qd2 Nb4 21. Ne3 Qb6 22.
Rbc1 Rxc1 23. Rxc1 Nc6 24. Nc2 Kd8 25. f3 Nb4 26. Na3 Bc6 27. Bf2 Kd7 28. Be3
Rg8 29. Rh1 Rg7 30. Rh5 Na6 31. Nb1 Nc7 32. Nc3 Qb4 33. Qd3 Na6 34. Bd2 Qa3 35.
Qc2 Nb4 36. Qb1 Na6 37. Nb5 Bxb5 38. Bxb5+ Kc7 39. Bc1 Qb4 40. Qd3 Kb6 41. Ba4
Nc7 42. a3 Qe1 43. Rh1 1-0

[Event "TCh-TUR 2nd League 2011"]
[Site "Konya TUR"]
[Date "2011.07.10"]
[Round "9"]
[White "Zherebukh, Yaroslav"]
[Black "Allahverdiev, Anar"]
[Result "0-1"]
[WhiteTitle "GM"]
[BlackTitle "IM"]
[WhiteElo "2590"]
[BlackElo "2421"]
[WhiteTeam "Tasduvar Ankara"]
[BlackTeam "Ankara Demir"]
[WhiteFideId "14116804"]
[BlackFideId "13400347"]
[EventDate "2011.07.04"]

1. e4 e5 2. Nf3 Nc6 3. Bb5 a6 4. Ba4 Nf6 5. O-O Be7 6. Re1 d6 7. c3 b5 8. Bc2
O-O 9. d4 exd4 10. Nxd4 Ne5 11. a4 c5 12. Nf5 Bb7 13. f4 Ng6 14. axb5 axb5 15.
Rxa8 Bxa8 16. Na3 Qb6 17. c4 b4 18. Nb5 Rd8 19. Qe2 Bf8 20. Rd1 Qb8 21. b3 Bc6
22. Bb2 Nxf4 23. Qf3 Ng6 24. Nh6+ gxh6 25. Qxf6 Rd7 26. e5 Bg7 27. Qxg7+ Kxg7
28. e6+ Kf8 29. exd7 Bxb5 30. cxb5 Ke7 31. Rf1 Kxd7 32. Rxf7+ Ke6 33. Rf6+ Ke7
34. Bd3 Qb7 35. Rf2 d5 36. Re2+ Kd6 37. Rf2 Qe7 38. Re2 Qg5 39. h4 Qg3 40. Bf5
d4 41. Re6+ Kd5 42. Bc1 Nxh4 43. Bh3 Nxg2 44. Bxg2+ Kxe6 45. Bd2 Qxb3 46. b6
Qd1+ 0-1

[Event "TCh-TUR 2nd League 2011"]
[Site "Konya TUR"]
[Date "2011.07.10"]
[Round "9"]
[White "Uzunoglu, Efe Kerem"]
[Black "Ozyilmaz, Arif"]
[Result "1/2-1/2"]
[WhiteElo "2064"]
[BlackElo "2155"]
[WhiteTeam "Ankara Demir"]
[BlackTeam "Tasduvar Ankara"]
[WhiteFideId "6306276"]
[BlackFideId "6300596"]
[EventDate "2011.07.04"]

1. d4 Nf6 2. Bf4 c6 3. e3 Qb6 4. Qc1 g5 5. Be5 Bg7 6. Bd3 d6 7. Bxf6 Bxf6 8. Nd2
e5 9. c3 Be6 10. Ne2 Nd7 11. Ng3 d5 12. Nh5 Be7 13. Ng7+ Kd8 14. Nxe6+ fxe6 15.
dxe5 Nxe5 16. Be2 g4 17. Qc2 Kc7 18. Qb3 Raf8 19. Qxb6+ axb6 20. O-O Rhg8 21. a3
Bd6 22. e4 h5 23. exd5 exd5 24. f4 Ng6 25. g3 Ne7 26. Bd3 Nf5 27. Bxf5 Rxf5 28.
Rfe1 h4 29. Re6 Rh5 30. Rae1 Rh7 31. Re8 Bc5+ 32. Kg2 h3+ 33. Kf1 Rxe8 34. Rxe8
Rg7 35. Nb3 Kd7 36. Rb8 Ke6 37. Re8+ Kf6 38. Re5 Bd6 39. Re8 c5 40. Nd2 c4 41.
Rd8 Ke7 42. Rh8 Bc5 43. Rh5 Kd6 44. Rh6+ Kd7 45. Rh5 Kc6 46. Re5 b5 47. Rh5 Be3
48. Ke2 d4 49. Rh6+ Kc7 50. cxd4 Bxd4 51. Rh5 Kb6 52. b4 Re7+ 53. Kd1 Bg1 54.
Rh6+ Ka7 55. Rh5 Ka6 56. Rg5 Bxh2 57. Rxg4 Re3 58. Nf1 Rd3+ 59. Kc2 Bg1 60. Rh4
Rxa3 61. Rxh3 Bd4 62. Rh6+ b6 63. Nd2 Rxg3 64. Rd6 Be3 65. f5 Rg2 66. Kc3 Rf2
67. Ne4 Rxf5 68. Rd8 Bg5 69. Ra8+ Kb7 70. Rg8 Rf3+ 71. Kc2 Be3 72. Rg7+ Kc6 73.
Rg6+ Kd7 74. Nf6+ Kd8 75. Nd5 Bd4 76. Nxb6 Rf2+ 77. Kd1 Ke7 78. Nc8+ Kf7 79. Rg5
c3 80. Rg3 Ke6 81. Rd3 Kd5 82. Nd6 Rf4 83. Nxb5 Ke5 1/2-1/2

[Event "TCh-TUR 2nd League 2011"]
[Site "Konya TUR"]
[Date "2011.07.10"]
[Round "9"]
[White "Unver, Cumali"]
[Black "Ahmedov, Ziya"]
[Result "1-0"]
[WhiteElo "2016"]
[BlackElo "2045"]
[WhiteTeam "Tasduvar Ankara"]
[BlackTeam "Ankara Demir"]
[WhiteFideId "6304940"]
[BlackFideId "6309259"]
[EventDate "2011.07.04"]

1. e4 e5 2. Nf3 Nf6 3. Nxe5 d6 4. Nf3 Nxe4 5. d3 Nf6 6. d4 d5 7. Bd3 Bd6 8. O-O
O-O 9. Bg5 Bg4 10. Nbd2 h6 11. Bh4 Bf4 12. Qb1 Nc6 13. c3 Qd6 14. Re1 Rfe8 15.
Qc2 g5 16. Bg3 Kg7 17. b4 a6 18. a4 Bh5 19. b5 axb5 20. axb5 Rxe1+ 21. Rxe1 Nd8
22. Ne5 Ne6 23. Bf5 Ra5 24. Bxf4 Nxf4 25. g3 Rxb5 26. gxf4 gxf4 27. Ra1 Qb6 28.
Rb1 Rxb1+ 29. Qxb1 Qa6 30. Bd3 Qa5 31. Qc1 c5 32. Nb3 Qa2 33. Nxc5 f3 34. Nxb7
Ne4 35. Bxe4 dxe4 36. Nd6 f6 37. Nec4 Bg6 38. Ne3 f5 39. Ndxf5+ 1-0

[Event "TCh-TUR 2nd League 2011"]
[Site "Konya TUR"]
[Date "2011.07.10"]
[Round "9"]
[White "Gara, Anita"]
[Black "Arig, Busra"]
[Result "1-0"]
[WhiteTitle "IM"]
[WhiteElo "2369"]
[BlackElo "1791"]
[WhiteTeam "Tasduvar Ankara"]
[BlackTeam "Ankara Demir"]
[WhiteFideId "709751"]
[BlackFideId "6309356"]
[EventDate "2011.07.04"]

1. e4 e5 2. Nf3 Nc6 3. Bc4 Be7 4. O-O Nf6 5. d3 O-O 6. Re1 d6 7. a4 Bg4 8. h3
Bd7 9. a5 a6 10. c3 Na7 11. Qb3 Rb8 12. Be3 Nb5 13. Nbd2 Qc8 14. d4 exd4 15.
cxd4 h6 16. e5 Nh7 17. Bf4 Ng5 18. exd6 Nxf3+ 19. Nxf3 Bxd6 20. Ne5 Bxe5 21.
Bxe5 b6 22. Qg3 g5 23. h4 Nd6 24. Bxd6 cxd6 25. Rac1 Qd8 26. Qxd6 b5 27. Qg6+
Kh8 28. Qxh6+ Kg8 29. Qg6+ Kh8 30. Bxf7 1-0

[Event "TCh-TUR 2nd League 2011"]
[Site "Konya TUR"]
[Date "2011.07.10"]
[Round "9"]
[White "Onischuk, Vladimir"]
[Black "Karagollu, Ahmet"]
[Result "1-0"]
[WhiteTitle "IM"]
[WhiteElo "2490"]
[BlackElo "1980"]
[WhiteTeam "Ankara Demir"]
[BlackTeam "Tasduvar Ankara"]
[WhiteFideId "14114038"]
[BlackFideId "6307825"]
[EventDate "2011.07.04"]

1. e4 e5 2. Nf3 Nc6 3. Bb5 a6 4. Ba4 Nf6 5. O-O Be7 6. Re1 b5 7. Bb3 O-O 8. h3
Bb7 9. d3 d6 10. a4 Na5 11. Ba2 c5 12. Nbd2 Qc7 13. Nf1 Rfe8 14. Bg5 Nc6 15. Ne3
Nd4 16. Nxd4 cxd4 17. Nf5 Rf8 18. Qf3 Bd8 19. Bb3 g6 20. Bh6 Re8 21. axb5 axb5
22. Rxa8 Bxa8 23. Ng7 Rf8 24. g4 Qe7 25. Ra1 Bc6 26. Qg3 Kh8 27. Ra6 Bb7 28. Ra7
Rg8 29. g5 Nxe4 30. dxe4 Bb6 31. Rxb7 Qxb7 32. Qf3 Bd8 33. Ne8 Rxe8 34. Bxf7 Qe7
35. Bd5 Qd7 36. h4 b4 37. Kg2 Rg8 38. Bxg8 1-0

[Event "TCh-TUR 2nd League 2011"]
[Site "Konya TUR"]
[Date "2011.07.10"]
[Round "9"]
[White "Akinci, Muzaffer Ege"]
[Black "Karabayir, Mustafa Yilmaz"]
[Result "0-1"]
[WhiteElo "1886"]
[BlackElo "1881"]
[WhiteTeam "Tasduvar Ankara"]
[BlackTeam "Ankara Demir"]
[WhiteFideId "6308961"]
[BlackFideId "6300090"]
[EventDate "2011.07.04"]

1. d4 Nf6 2. Nf3 e6 3. c4 d5 4. Nc3 c5 5. cxd5 Nxd5 6. e4 Nxc3 7. bxc3 cxd4 8.
cxd4 Bb4+ 9. Bd2 Bxd2+ 10. Qxd2 O-O 11. Bc4 Nc6 12. O-O b6 13. Rfd1 Bb7 14. Rac1
Rc8 15. Qe2 Na5 16. Ba6 Qe7 17. h4 h6 18. g3 Rxc1 19. Rxc1 Bxa6 20. Qxa6 Qa3 21.
Rc8 Qxf3 22. Rxf8+ Kxf8 23. Qc8+ Ke7 24. Qc7+ Kf6 25. d5 Qxe4 26. d6 Nc6 27. d7
Kg6 28. a3 Kh7 29. Kh2 Qd5 30. Qxc6 Qxc6 31. d8=Q Qf3 32. Qd4 Qxa3 33. Qe4+ g6
34. h5 Qe7 35. hxg6+ fxg6 36. Kg2 b5 37. Qc6 b4 38. Qc4 Qb7+ 39. Kg1 b3 0-1

[Event "TCh-TUR 2nd League 2011"]
[Site "Konya TUR"]
[Date "2011.07.10"]
[Round "9"]
[White "Jojua, Davit"]
[Black "Hamitevici, Vladimir"]
[Result "1/2-1/2"]
[WhiteTitle "GM"]
[BlackTitle "IM"]
[WhiteElo "2505"]
[BlackElo "2437"]
[WhiteTeam "Azdur Ordu"]
[BlackTeam "Taskinkoy KKTC"]
[WhiteFideId "13602543"]
[BlackFideId "13902393"]
[EventDate "2011.07.04"]

1. d4 Nf6 2. Nf3 c5 3. d5 b5 4. Bg5 Qb6 5. Bxf6 Qxf6 6. c3 g6 7. e4 Qb6 8. Nbd2
Bg7 9. a4 b4 10. a5 Qc7 11. Qc2 Na6 12. Bc4 O-O 13. O-O d6 14. Qd3 1/2-1/2

[Event "TCh-TUR 2nd League 2011"]
[Site "Konya TUR"]
[Date "2011.07.10"]
[Round "9"]
[White "Baltag, Iulian"]
[Black "Sivri, Gorkem"]
[Result "1/2-1/2"]
[WhiteTitle "IM"]
[WhiteElo "2419"]
[BlackElo "2207"]
[WhiteTeam "Taskinkoy KKTC"]
[BlackTeam "Azdur Ordu"]
[WhiteFideId "13901419"]
[BlackFideId "6301266"]
[EventDate "2011.07.04"]

1. e4 e5 2. Nf3 Nc6 3. Bb5 a6 4. Ba4 Nf6 5. O-O Be7 6. Re1 d6 7. Bxc6+ bxc6 8.
d4 exd4 9. Nxd4 Bd7 10. Nc3 O-O 11. Qf3 Re8 12. e5 dxe5 13. Nxc6 Bxc6 14. Qxc6
Qd7 15. Qc4 Qf5 16. Ne4 Bd6 17. Bd2 Nxe4 18. Qxe4 Qxe4 19. Rxe4 f5 20. Rc4 Rab8
21. b3 Rb5 22. Kf1 Rc5 23. Rxc5 Bxc5 24. Bc3 Kf7 25. Rd1 Bd6 26. Rd5 Ke6 27. Ra5
Ra8 28. Ke2 e4 29. g3 g6 30. f3 exf3+ 31. Kxf3 c6 32. Ra4 g5 33. Bd2 g4+ 34. Ke2
h5 35. Rc4 Kd5 36. Kd3 c5 37. Bf4 Be7 38. Ra4 h4 39. a3 hxg3 40. hxg3 Bd8 41.
Rc4 Bb6 42. Kd2 Rh8 43. Kc1 Rh1+ 44. Kd2 Rh2+ 45. Kd3 Rf2 46. Ke3 Rh2 47. Kd3
Rf2 48. Bb8 Rf3+ 49. Ke2 Bd8 50. Bf4 Bb6 51. Ra4 a5 52. Rc4 1/2-1/2

[Event "TCh-TUR 2nd League 2011"]
[Site "Konya TUR"]
[Date "2011.07.10"]
[Round "9"]
[White "Sentug, Halil"]
[Black "Guner, Sati Emre"]
[Result "1-0"]
[WhiteElo "1931"]
[BlackElo "2105"]
[WhiteTeam "Taskinkoy KKTC"]
[BlackTeam "Azdur Ordu"]
[WhiteFideId "6335179"]
[BlackFideId "6304192"]
[EventDate "2011.07.04"]

1. d4 d5 2. c4 c6 3. Nc3 Nf6 4. e3 g6 5. Nf3 Bg7 6. Bd3 O-O 7. Qb3 a6 8. a4 b6
9. Ne5 Bb7 10. O-O e6 11. cxd5 cxd5 12. Bd2 Nfd7 13. f4 f6 14. Nf3 Nc6 15. Ne2
Kh8 16. Bc3 Re8 17. Rad1 e5 18. dxe5 Nc5 19. Qc2 fxe5 20. Ng5 Qe7 21. Bxg6 Bf6
22. Nxh7 Rg8 23. Nxf6 Qxf6 24. f5 Rad8 25. Rf3 Rg7 26. Rh3+ Kg8 27. Nf4 d4 28.
Nh5 Qg5 29. Rg3 Rxg6 30. Nf6+ Kf7 31. fxg6+ 1-0